000 00293nam a2200109 4500
999 _c13541
_d13541
008 190328b ||||| |||| 00| 0 eng d
245 _aA novel without a plot.
260 _aPhilippines
_bThe Philippine Star
_cc2018
300 _apage E1.
650 0 _937818
_aBooks- Reading.
942 _2ddc
_cPER